00759nam a2200253Ia 4500001000900000003000500009005001700014008004100031010001100072020001800083040000900101082002300110245004700133260003500180300001400215650005000229650001800279650004400297650006300341650002100404650003500425650001900460650002600479dia_3304CHAP20251023172015.0220117s2006 xx 000 0 und d a176988 a84-315-3559-8 cCHAP aC 615.321 V84 2006 aVuestro herbario : 160 plantas medicinales aEspaña :b De Vecchi,c2006 av, 218 p. aFarmacognosiaxDiccionarios y enciclopedias  aFitoterapia  aHerbsxTherapeutic usexEncyclopedias  aHierbasxUso terapéuticoxDiccionarios y enciclopedias  aMedicinal plants aPharmacognosyxEncyclopedias  aPhytotherapy  aPlantas medicinales